| 000 | 01712nam a2200481 i 4500 | ||
|---|---|---|---|
| 001 | 37490 | ||
| 003 | FlNmELB | ||
| 005 | 20241216221514.0 | ||
| 006 | m o d | | ||
| 007 | cr cnu|||||||| | ||
| 008 | 210510s2017 sp o 001 0dspa d | ||
| 020 |
_a9788491047193 _q(e-book) |
||
| 035 | _a(OCoLC)1252203286 | ||
| 040 |
_aFINmELB _bspa _erda _cFINmELB |
||
| 050 | 4 |
_aHX289.7.G73 _bG736 2017 |
|
| 080 | _a330.85(450)"19" | ||
| 080 | _a321.01 | ||
| 082 | 0 | 4 |
_a335.43092 _223 |
| 100 | 1 |
_aGramsci, Antonio, _d1891-1937, _eautor. |
|
| 243 | 1 | 0 |
_aObra selecta. _lEspañol |
| 245 | 1 | 0 |
_aEscritos : _bantología / _cAntonio Gramsci ; selección, introducción y notas de César Rendueles ; [traducción de Manuel Sacristán y César Rendueles]. |
| 264 | 1 |
_aMadrid : _bAlianza Editorial, _c2017. |
|
| 300 | _a1 recurso en línea (420 páginas) | ||
| 336 |
_atexto _btxt _2rdacontent/spa |
||
| 337 |
_acomputadora _bc _2rdamedia/spa |
||
| 338 |
_arecurso en línea _bcr _2rdacarrier/spa |
||
| 490 | 1 |
_aEl libro de bolsillo. Ciencias sociales ; _vCS76 |
|
| 500 | _aÍndice. | ||
| 650 | 0 |
_aCommunism _zItaly. |
|
| 650 | 0 |
_aCommunism _xPhilosophy. |
|
| 650 | 4 |
_aComunismo _zItalia. |
|
| 650 | 4 |
_aPolítica _xFilosofía. |
|
| 650 | 4 | _aAntologías. | |
| 655 | 4 | _aLibros electrónicos. | |
| 700 | 1 |
_aRendueles, César, _d1975- _eeditor literario, _ecompilador, _etraductor. |
|
| 700 | 1 |
_aSacristán, Manuel, _d1925-1985, _etraductor. |
|
| 797 | 2 | _aelibro, Corp. | |
| 830 | 0 |
_aEl libro de bolsillo. Ciencias sociales ; _vCS76. |
|
| 856 | 4 | 0 | _uhttps://elibro.net/ereader/politecnicointernacional/122814 |
| 999 |
_c37490 _d37490 |
||